000 00627nam a2200205Ia 4500
001 17867
003 GE_BSU
008 181216s||||||||xx |||||||||||||| ||und||
020 _a5724502445.
040 _cGE_BSU
080 _a541.18(075.8)
100 _aФролов,Ю.Г.
245 _aКурс коллоидной химии. Поверхностные явления и дисперсные системы.
245 _bУчебник для вузов.
260 _bХимия.
260 _c1988.
300 _a464 стр. с илл. 21 см.
653 _aКурс коллоидной химии.
942 _cBK
999 _c50912
_d50912